000 01135cam a22003617a 4500
003 CHAP
005 20220817043531.0
008 990514d1993 us a r 00110 eng d
010 _a77783
011 _a78755
020 _a0553354027
035 _a88815
040 _cCHAP
082 0 4 _a001.6425
_bP4
100 0 0 _aPeek, Jerry.
_986579
245 1 0 _aUnix power tools
_c/by Jerry Peek [and others]
260 _aNew York :
_bO'Reilly & Associates,
_c1993.
300 _a2 v.
_bilus.
500 _aFotocopia
500 _aSOLICITAR EN EL AREA DE COMPUTO
590 _aBATCH-UPD
_b10
_c20130110
_lUCH01
_h0529
590 _aBATCH-UPD
_b10
_c20130410
_lUCH01
_h0209
590 _aBATCH-UPD
_b10
_c20130914
_lUCH01
_h1906
590 _aCONVERSION
_b10
_c20130109
_lUCH01
_h1343
650 1 4 _aProgramación.
650 1 4 _aSistemas operativos (Computadoras)
_9106775
650 1 4 _aUNIX (Sistema operativo)
_9116785
901 _aBK
905 _aGuadalupe Pinto C.
942 _cLIBRO
949 _a001.6425 P4
_bBC
_cLIBRO
_d888151
_eLIBRO
_fv.1
_h94700
_i88815
_sb
949 _a001.6425 P4
_bBC
_cLIBRO
_d888152
_eLIBRO
_fv.2
_h95357
_i88815
_sb
999 _c77783
_d77783